National Park Tile Select - Statistics

General Stats
  • This quiz has been taken 48 times
    24 since last reset
  • The average score is 51 of 80
Answer Stats
Question Tile Select % Correct
National Parks in the Rocky Mountains Aulavik No
100%
National Parks in the Rocky Mountains Snowdonia No
100%
National Parks bigger than Rhode Island Brecon Beacons No
96%
National Parks in the Rocky Mountains Riding Mountain No
96%
National Parks bigger than Rhode Island Rouge No
96%
National Parks in the Rocky Mountains Badlands No
91%
National Parks Cedar Breaks No
91%
National Parks Death Valley Yes
91%
National Parks in the Rocky Mountains Guadalupe Mountains No
91%
National Parks in the Rocky Mountains Kluane No
91%
National Parks in the Rocky Mountains Yosemite No
91%
National Parks located entirely on islands Everglades No
87%
National Parks located entirely on islands Indiana Dunes No
87%
National Parks in states, territories, or provinces that begin with "N" Isle Royale No
87%
National Parks Niagara Falls No
87%
National Parks in states, territories, or provinces that begin with "N" Pacific Rim No
87%
National Parks bigger than Rhode Island Prince Edward Island No
87%
National Parks Vermillion Cliffs No
87%
National Parks located entirely on islands Wapusk No
87%
National Parks in states, territories, or provinces that begin with "N" Wind Cave No
87%
National Parks located entirely on islands Congaree No
83%
National Parks in states, territories, or provinces that begin with "N" Dartmoor No
83%
National Parks in states, territories, or provinces that begin with "N" Glacier (Canada) No
83%
National Parks Monument Valley No
83%
National Parks in states, territories, or provinces that begin with "N" Shenandoah No
83%
National Parks in the Rocky Mountains Yellowstone Yes
83%
National Parks Zion Yes
83%
National Parks Giant's Causeway No
78%
National Parks in the Rocky Mountains Glacier (USA) Yes
78%
National Parks in the Rocky Mountains Grand Teton Yes
78%
National Parks Saguaro Yes
78%
National Parks in the Rocky Mountains Wrangell-St. Elias No
78%
National Parks bigger than Rhode Island Yellowstone Yes
78%
National Parks Baffin Island No
74%
National Parks bigger than Rhode Island Death Valley Yes
74%
National Parks located entirely on islands Dry Tortugas Yes
74%
National Parks Gateway Arch Yes
74%
National Parks bigger than Rhode Island Grand Canyon Yes
74%
National Parks located entirely on islands Kejimkujik No
74%
National Parks Mount Rushmore No
74%
National Parks North Cascades Yes
74%
National Parks in states, territories, or provinces that begin with "N" Petrified Forest No
74%
National Parks bigger than Rhode Island Snowdonia No
74%
National Parks in states, territories, or provinces that begin with "N" Theodore Roosevelt Yes
74%
National Parks in states, territories, or provinces that begin with "N" Yorkshire Dales No
74%
National Parks in the Rocky Mountains Glacier (Canada) Yes
70%
National Parks located entirely on islands Haleakala Yes
70%
National Parks in states, territories, or provinces that begin with "N" Carlsbad Caverns Yes
65%
National Parks bigger than Rhode Island Gates of the Arctic Yes
65%
National Parks in states, territories, or provinces that begin with "N" Great Basin Yes
65%
National Parks bigger than Rhode Island Canyonlands No
61%
National Parks bigger than Rhode Island Glacier (US) Yes
61%
National Parks bigger than Rhode Island Great Smoky Mountains No
61%
National Parks in the Rocky Mountains Jasper Yes
61%
National Parks Lake Clark Yes
61%
National Parks located entirely on islands Biscayne No
57%
National Parks in the Rocky Mountains Great Sand Dunes Yes
52%
National Parks in states, territories, or provinces that begin with "N" Great Smoky Mountains Yes
48%
National Parks in states, territories, or provinces that begin with "N" Auyuittuq Yes
39%
National Parks bigger than Rhode Island Jasper Yes
39%
National Parks bigger than Rhode Island Olympic No
39%
National Parks bigger than Rhode Island Rocky Mountain No
39%
National Parks in the Rocky Mountains Waterton Lakes Yes
35%
National Parks bigger than Rhode Island Yosemite No
35%
National Parks located entirely on islands Auyuittuq Yes
30%
National Parks in the Rocky Mountains Black Canyon of the Gunnison No
30%
National Parks located entirely on islands Elk Island No
30%
National Parks located entirely on islands Cape Breton Highlands Yes
26%
National Parks in states, territories, or provinces that begin with "N" Cape Breton Highlands Yes
26%
National Parks located entirely on islands Gwaii Haanas Yes
26%
National Parks bigger than Rhode Island Auyuittiq Yes
22%
National Parks Kootenay Yes
17%
National Parks Northumberland Yes
17%
National Parks located entirely on islands Pacific Rim Yes
17%
National Parks in states, territories, or provinces that begin with "N" Terra Nova Yes
13%
National Parks located entirely on islands Northumberland Yes
9%
National Parks located entirely on islands Pembrokeshire Coast Yes
9%
National Parks located entirely on islands Terra Nova Yes
9%
National Parks Torngat Mountains Yes
4%
National Parks in states, territories, or provinces that begin with "N" Mealy Mountains Yes
0%
No matching quizzes found
Score Distribution
Percent of People with Each Score
Percentile by Number Answered
Your Score History
You have not taken this quiz since the last reset